|
|
|
|
| LEADER |
00720cam a2200229 7i4500 |
| 001 |
0000003796 |
| 005 |
20170218090000.0 |
| 020 |
|
|
|a 9780273673712
|
| 020 |
|
|
|a 0273673718 (pbk.)
|
| 090 |
0 |
0 |
|a HF5635
|b .E45 2003
|
| 100 |
1 |
|
|a Elliott, Barry
|
| 245 |
1 |
0 |
|a Financial accounting & reporting
|c Barry Elliott and Jamie Elliott.
|
| 250 |
|
|
|a 7th ed.
|
| 260 |
|
|
|a Harlow, England:
|b Prentice Hall / Financial Times,
|c 2003.
|
| 300 |
|
|
|a xxiv, 924 p.;
|c 25 cm.
|
| 650 |
0 |
0 |
|a Financial statements
|
| 650 |
0 |
0 |
|a Accounting
|
| 700 |
1 |
|
|a Elliott, Jamie
|
| 997 |
|
|
|a Business & Accountancy, Faculty
|
| 998 |
|
|
|a Accountancy, Degree
|
| 998 |
|
|
|a Accountancy, Diploma
|
| 999 |
|
|
|a 0000004286
|b BOK
|c OPEN SHELF
|e 1st Floor, Shah Alam
|